Cities that End in "A" Map Quiz - Statistics

General Stats
  • This quiz has been taken 130 times
  • The average score is 37 of 50
Answers on the Map
Answers color-coded by a green-red scale on the quiz's map according to % correct below.
 
Answer Stats
City % Correct
Havana
99%
Barcelona
98%
Ankara
97%
Lima
97%
Alexandria
95%
Bogotá
93%
Brasília
93%
Casablanca
93%
Jakarta
93%
Atlanta
92%
Sofia
92%
Vienna
92%
Osaka
91%
Manila
90%
Addis Ababa
89%
Dhaka
89%
Kolkata
89%
Pretoria
89%
Doha
87%
Valencia, Spain
87%
Valencia, Venezuela
87%
Accra
86%
Luanda
86%
Sana'a
86%
Kinshasa
84%
Mecca
82%
Philadelphia
82%
Tampa
82%
Kampala
81%
Abuja
79%
Guadalajara
77%
Tijuana
77%
Lusaka
76%
Monrovia
74%
Hiroshima
69%
Nagoya
68%
Córdoba
65%
Surabaya
64%
Agra
59%
Fortaleza
58%
Fukuoka
56%
Douala
52%
Puebla
45%
Curitiba
44%
Yogyakarta
35%
Patna
31%
Changsha
30%
Toluca
26%
Goiânia
25%
Gujranwala
22%
No matching quizzes found
Score Distribution
Percent of People with Each Score
Percentile by Number Answered
Your Score History
You have not taken this quiz